Distribution par images - Les Brigades du Tigre - Statistiques

Statistiques générales
  • Ce quiz a été pris 28 fois
  • Le résultat moyen est 4 sur 9
Statistiques - réponses
Par images Hint Réponse % Correct
Paul Valentin Clovis Cornillac
96%
Claude Faivre Gérard Jugnot
96%
Pujol Edouard Baer
70%
Constance Bolkonski Diane Kruger
39%
Jules Bonnot Jacques Gamblin
30%
Léa Léa Drucker
30%
Casimir Cagne Philippe Duquesne
26%
Marcel Terrasson Olivier Gourmet
22%
Piotr Dranieko Thierry Frémont
22%
Aucun quiz correspondant
Distribution des résultats
% des personnes avec chaque résultat
Percentile par nombre de réponses
Votre historique - résultats
Vous n’avez pas pris ce quiz